Ignorancia trágica o, el problema de las enfermedades venéreas

I tiakina i:
Ngā taipitopito rārangi puna kōrero
Kaituhi matua: Gajardo C., Samuel (autor)
Hōputu: Pukapuka
Reo:Pāniora
I whakaputaina: Santiago Nascimento 1937
Putanga:1a. ed
Ngā marau:
Ngā Tūtohu: Tāpirihia he Tūtohu
Kāore He Tūtohu, Me noho koe te mea tuatahi ki te tūtohu i tēnei pūkete!

MARC

LEADER 00000nam a2200000 a 4500
001 UCJ8446
003 CL-VaPUC
008 070124e19370000CL |||||||||||||||||spa|d
082 0 4 |a 616.9  |b GAJ  |2 21 
100 |a Gajardo C., Samuel  |e autor  |9 598979 
245 1 0 |a Ignorancia trágica o, el problema de las enfermedades venéreas 
250 |a 1a. ed 
300 |a 60 p 
942 |c BK 
945 |d 20070124 00:00:00  |a rinostro 
260 |a Santiago  |b Nascimento  |c 1937 
650 7 |a MEDICINA LEGAL  |2 CL-VaPUC  |9 517201 
650 0 |a Enfermedades venéreas  |9 338972 
583 |a last modification  |c 20070124 00:00:00  |k Rodrigo Vera 
999 |c 324160  |d 324158 
952 |0 0  |1 0  |4 0  |6 616_900000000000000_GAJ_1937  |7 0  |8 X  |9 404103  |a FDOBUD  |b FDOBUD  |d 2019-11-22  |i 1078046  |o 616.9 GAJ 1937  |p 1078046  |r 2019-11-22  |w 2019-11-22  |y BK_X  |k BUD